| 000 | 01099cad a22002055a 4500 | ||
|---|---|---|---|
| 001 | E149683 | ||
| 008 | 100408s2010 xxk f 000 0 eng d | ||
| 035 | _a(Sirsi) u149683 | ||
| 041 | 0 | _aeng | |
| 110 | 2 |
_aCommission for Architecture and the Built Environment _94058 |
|
| 245 | 0 | 0 |
_aOrdinary places _h[electronic resource] |
| 260 |
_aLondon _bCABE _c2010 |
||
| 505 | 2 | _aIntroduction -- Summary: sparking the debate -- Mobilising public involvement -- Changing places to become world class -- Next steps | |
| 520 | _aSuggests that ordinary places have largely been forgotten in the push for better design, with recent emphasis being on high-profile city-centre areas. Seeks to encourage a debate on how such ordinary areas can be improved to become better places to live, and more sustainable. | ||
| 590 | _aKA | ||
| 651 | 4 |
_aUnited Kingdom _y |
|
| 690 |
_aPlanning and development _96259 |
||
| 856 | 4 | 0 |
_uhttps://webarchive.nationalarchives.gov.uk/20110118095356/http:/www.cabe.org.uk/files/ordinary-places.pdf _zView the report free of charge at webarchive.nationalarchives.gov.uk |
| 942 | _n0 | ||
| 999 |
_c110597 _d110597 |
||